| 000 | 00877nam a22002177a 4500 | ||
|---|---|---|---|
| 999 |
_c61745 _d61745 |
||
| 005 | 20240426113321.0 | ||
| 008 | 240426s2005 enk||||| |||| 00| 0 eng d | ||
| 020 | _a9789997638236x | ||
| 041 | _aeng | ||
| 080 | _a616.9 M-24 | ||
| 100 |
_aMandell, G.L. _921954 |
||
| 245 |
_aMandell, Douglas, and Bennett's Principles and Practice of Infectious Diseases : _bVolume 2 / _cJohn E. Bennett, Martin J. Blaser, Raphaël Dolin. |
||
| 250 | _aSixth edition | ||
| 264 |
_aPhiladelphia : _bElsevier, _c2005. |
||
| 300 |
_a3661 p.: _bill.; _c28 cm. |
||
| 653 | _aინფექციური დაავადებების პრინციპები და პრაქტიკა | ||
| 653 | _aმედიცინა | ||
| 700 |
_aBennett, John E. _eავტორი _921951 |
||
| 700 |
_aDolin, Raphaël _eავტორი _921955 |
||
| 942 |
_2udc _cᲬᲘᲒᲜᲘ |
||